00000000nam 2200000zi 4500
0019.955130
003CaOODSP
00520251024110634
006m     o  d f      
007cr mn|||||||||
008250911e202510##quc     ob   f000 0 fre d
020 |a9780660789095
040 |aCaOODSP|bfre|erda|cCaOODSP
043 |an-cn---
0861 |aEn84-294/2025F-PDF
24500|aCoefficients d'émission et valeurs de référence.
24617|aCoefficients d'émission et valeurs de référence, version 3.0
250 |aVersion 3.0.
264 1|aGatineau (Québec) : |bEnvironnement et changement climatique Canada = Environment and Climate Change Canada, |coctobre 2025.
264 4|c©2025
300 |a1 ressource en ligne (iv, 20 pages)
336 |atexte|btxt|2rdacontent/fre
337 |ainformatique|bc|2rdamedia/fre
338 |aressource en ligne|bcr|2rdacarrier/fre
500 |aPublié aussi en anglais sous le titre : Emission factors and reference values.
500 |aTitre de la couverture.
500 |a« Régime de crédits compensatoires pour les gaz à effet de serre du Canada. »
500 |a« EC25061 » -- Page [ii].
504 |aComprend des références bibliographiques.
650 6|aCompensation des émissions de carbone|zCanada.
650 6|aGaz à effet de serre|xRéduction|zCanada.
7101 |aCanada. |bEnvironnement et changement climatique Canada, |eorganisme de publication.
77508|tEmission factors and reference values.|w(CaOODSP)9.955129
795 |tCoeffcients d'émission et valeurs de référence.|bVersion 2.0.|w(CaOODSP)9.935272
85640|qPDF|s446 Ko|uhttps://publications.gc.ca/collections/collection_2025/eccc/En84-294-2025-fra.pdf
986 |aEC25061